The oxford handbook of John Donne/ (Record no. 62651)

000 -LEADER
fixed length control field 00431 a2200169 4500
020 ## - INTERNATIONAL STANDARD BOOK NUMBER
ISBN 9780199218608
082 ## - DEWEY DECIMAL CLASSIFICATION NUMBER
Classification number 821.3
Item number JEA/O
100 ## - MAIN ENTRY--AUTHOR NAME
Personal name Jeanne Shami
245 ## - TITLE STATEMENT
Title The oxford handbook of John Donne/
Statement of responsibility, etc by Jeanne Shami
260 ## - PUBLICATION, DISTRIBUTION, ETC. (IMPRINT)
Place of publication New Delhi:
Name of publisher Oxford University Press,
Year of publication 2011.
300 ## - PHYSICAL DESCRIPTION
Number of Pages 845p.
650 ## - SUBJECT ADDED ENTRY--TOPICAL TERM
Topical Term Poet America
650 ## - SUBJECT ADDED ENTRY--TOPICAL TERM
Topical Term John Donne
650 ## - SUBJECT ADDED ENTRY--TOPICAL TERM
Topical Term Literature English
650 ## - SUBJECT ADDED ENTRY--TOPICAL TERM
Topical Term Literature
942 ## - ADDED ENTRY ELEMENTS (KOHA)
Koha item type Reference
Holdings
Withdrawn status Lost status Damaged status Not for loan Permanent Location Current Location Shelving location Date acquired Cost, normal purchase price Full call number Accession Number Price effective from Koha item type
        Sree Sankaracharya University of Sanskrit Sree Sankaracharya University of Sanskrit Reference 18.01.2017 4500.00 R 821.3 JEA/O 083366 18.01.2017 Reference